000 00813nam a2200241 i 4500
001 11587
003 ES-MaACL
005 20230906150131.0
007 t|
008 921021s1990 sp ||||0| spa d
016 7 _zSIC92005054
020 _a84-7509-585-2
040 _aSIC
_bspa
_cSIC
080 _a159.923
100 1 _aBranden, Nathaniel.
_931335
245 1 3 _aEl respeto hacia uno mismo
_b: cómo vencer el temor a la desaprobación de los demás, el sentimiento de culpa, la inseguridad... /
_cNathaniel Branden ; [traducción de Magdalena L. Senestrari de Salvi].
250 _a[2ª ed.].
260 _aBarcelona :
_bPaidós,
_c1993.
300 _a255 p ;
_c22 cm.
650 1 4 _aAutoestima.
_910429
700 1 _aSenestrari de Salvi, Magdalena.
_9105462
852 _aES-MaACL
_jL-18993
_bR.124602
999 _c11587
_d11587